| 000 | 00402nam a22001577a 4500 | ||
|---|---|---|---|
| 003 | OSt | ||
| 005 | 20240327161841.0 | ||
| 008 | 220704b xxu||||| |||| 00| 0 eng d | ||
| 020 | _a978-8178089690 | ||
| 040 | _cIIMT UNIVERSITY | ||
| 100 | _aKAPOOR, S.K. | ||
| 245 | _aMARKETING LOGISTICS & SUPPLY CHAIN MANAGEMENT | ||
| 260 |
_aNEW DELHI _bPRARSON EDUCATION _c2003 |
||
| 300 | _a282 | ||
| 942 |
_2ddc _c02 |
||
| 999 |
_c52790 _d52790 |
||